Bully for you, Teddy Roosevelt! / (Record no. 3177)

MARC details
000 -LEADER
fixed length control field 01202cam a2200337 a 4500
001 - CONTROL NUMBER
control field 3177
003 - CONTROL NUMBER IDENTIFIER
control field FISKH
005 - DATE AND TIME OF LATEST TRANSACTION
control field 20240215145400.0
008 - FIXED-LENGTH DATA ELEMENTS--GENERAL INFORMATION
fixed length control field 900208s1991 nyua j b 001 0beng
010 ## - LIBRARY OF CONGRESS CONTROL NUMBER
LC control number 90008142
020 ## - INTERNATIONAL STANDARD BOOK NUMBER
International Standard Book Number 039921769X :
020 ## - INTERNATIONAL STANDARD BOOK NUMBER
International Standard Book Number 04391499134
040 ## - CATALOGING SOURCE
Original cataloging agency DLC
Transcribing agency DLC
Modifying agency DLC
Language of cataloging eng
042 ## - AUTHENTICATION CODE
Authentication code lcac
043 ## - GEOGRAPHIC AREA CODE
Geographic area code n-us---
050 00 - LIBRARY OF CONGRESS CALL NUMBER
Classification number E757
Item number .F85 1991
082 00 - DEWEY DECIMAL CLASSIFICATION NUMBER
Classification number 973.91/1/092
-- B
-- 92
Edition number 20
100 1# - MAIN ENTRY--PERSONAL NAME
Personal name Fritz, Jean.
245 10 - TITLE STATEMENT
Title Bully for you, Teddy Roosevelt! /
Statement of responsibility, etc. Jean Fritz ; illustrations by Mike Wimmer.
250 ## - EDITION STATEMENT
Edition statement First Scholastic printing, September 1992
260 ## - PUBLICATION, DISTRIBUTION, ETC.
Place of publication, distribution, etc. New York :
Name of publisher, distributor, etc. Scholastic,
Date of publication, distribution, etc. 1991
300 ## - PHYSICAL DESCRIPTION
Extent 127 pages :
Other physical details illustrations ;
Dimensions 20 cm
520 ## - SUMMARY, ETC.
Summary, etc. Follows the life of the dynamic twenty-sixth president, discussing his conservation work, hunting expeditions, family life, and political career.
600 10 - SUBJECT ADDED ENTRY--PERSONAL NAME
Personal name Roosevelt, Theodore,
Dates associated with a name 1858-1919
General subdivision Juvenile literature.
600 11 - SUBJECT ADDED ENTRY--PERSONAL NAME
Personal name Roosevelt, Theodore,
Dates associated with a name 1858-1919.
650 #0 - SUBJECT ADDED ENTRY--TOPICAL TERM
Topical term or geographic name entry element Presidents
Geographic subdivision United States
General subdivision Biography
-- Juvenile literature.
650 #1 - SUBJECT ADDED ENTRY--TOPICAL TERM
Topical term or geographic name entry element Presidents.
700 1# - ADDED ENTRY--PERSONAL NAME
Personal name Wimmer, Mike,
Relator term illustrator
906 ## - LOCAL DATA ELEMENT F, LDF (RLIN)
a 7
b cbc
c orignew
d 1
e ocip
f 19
g y-gencatlg
942 ## - ADDED ENTRY ELEMENTS (KOHA)
Source of classification or shelving scheme Dewey Decimal Classification
Koha item type Books
Suppress in OPAC No
Holdings
Withdrawn status Lost status Source of classification or shelving scheme Damaged status Not for loan Collection Home library Current library Shelving location Date acquired Total Checkouts Full call number Barcode Date last seen Copy number Price effective from Koha item type
    Dewey Decimal Classification     Non-Fiction Footprints International School Library Network Toul Kork Campus Footprints International School Library Network Toul Kork Campus   02/15/2024   FRI 973.911092 E757.F85 FISTK04908 02/15/2024 1 02/15/2024 Books
    Dewey Decimal Classification     Non-Fiction Footprints International School Library Network Toul Kork Campus Footprints International School Library Network Toul Kork Campus TTP Secondary Non-Fiction Bookshelves 02/15/2024   FRI 973.911092 E757.F85 FISSE01124 11/21/2024 2 02/15/2024 Books